| 000 | 00841nam a22002417a 4500 | ||
|---|---|---|---|
| 999 |
_c33491 _d33491 |
||
| 001 | 2728 | ||
| 003 | CO-MdFUSB | ||
| 005 | 20171117111628.0 | ||
| 008 | 171117t1996 sp ||||| |||| 00| 0 spa d | ||
| 020 | _a84-8169-029-5 | ||
| 040 |
_aCO-MdFUSB _bspa _cCO-MdFUSB _dCO-MdFUSBC _erda |
||
| 041 | 0 | _aspa | |
| 082 | 0 | 4 | _aG 226 A2841i |
| 245 | 3 |
_aLa investigación de los sinópticos y Hechos de los Apóstoles en el siglo XX _c / Rafael Aguirre Monasterio, Antonio Rodríguez Carmona, Editores |
|
| 264 | 4 |
_aEstella, Navarra, España : _bVerbo Divino, _c©1996 |
|
| 300 | _a397 Pag | ||
| 336 |
_2rdacontent _atexto _btxt |
||
| 337 |
_2rdamedia _asin mediación _bn |
||
| 338 |
_2rdacarrier _avolumen _bnc |
||
| 653 | _aBiblia N.T. - Evangelios sinópticos - Hechos de los apóstoles | ||
| 653 | _aInterpretación de la Biblia N.T. | ||
| 942 | _cBK | ||